000 00848nam a2200265Ia 4500
003 OSt
005 20220928123929.0
006 a|||||r|||| 00| 0
007 ta
008 220927b |||||||| |||| 00| 0 eng d
020 _cUKP 135.00
024 _a140374
037 _b5393, 21/02/2019, Ashutosh Technical Books
_cTextual
040 _aSDCL
_cSDCL
_beng
041 _2eng
_aeng
082 _aD65,4:92, Q8
100 _aSharawi Mohammad S.
_9462405
245 0 _aDesign and applications of active integrated antennas (with cd)
260 _aBoston
_bArtech House
_c2018
300 _axv,247p.
_ccm.
650 _aElectronic Science
700 _a Hammi Oualid
_9462406
942 _hD65,4:92, Q8
_cTEXL
_2CC
999 _c775388
_d775388